000
00352nam a2200169Ia 4500
100
_a
Allegratti/Joseph G
650
_a
Philosophy
942
_c
BK
366
_f
25
654
_a
job
245
_a
Loving your job
260
_b
Better Yourself Books
_a
Bandra
_c
2000
082
_a
170/ALL
_b
ALL
300
_a
159
546
_a
ENGLISH
999
_c
20401
_d
20401